MARC details
| 000 -LEADER |
| fixed length control field |
00913nam a2200277 a 4500 |
| 008 - FIXED-LENGTH DATA ELEMENTS--GENERAL INFORMATION |
| fixed length control field |
160920s1992 ||||||||||||||||| || u |
| 010 ## - LIBRARY OF CONGRESS CONTROL NUMBER |
| LC control number |
91033235 |
| 020 ## - INTERNATIONAL STANDARD BOOK NUMBER |
| International Standard Book Number |
9780099993803 |
| 020 ## - INTERNATIONAL STANDARD BOOK NUMBER |
| International Standard Book Number |
0385423543 (lg. print) : |
| 050 ## - LIBRARY OF CONGRESS CALL NUMBER |
| Classification number |
PS 3557.R5355P4 |
| 100 ## - MAIN ENTRY--PERSONAL NAME |
| Personal name |
Grisham, John |
| 245 14 - TITLE STATEMENT |
| Title |
The pelican brief |
| Statement of responsibility, etc. |
John Grisham. |
| 250 ## - EDITION STATEMENT |
| Edition statement |
1st ed. |
| 260 ## - PUBLICATION, DISTRIBUTION, ETC. |
| Place of publication, distribution, etc. |
New York |
| Name of publisher, distributor, etc. |
Doubleday |
| Date of publication, distribution, etc. |
1992 |
| 260 ## - PUBLICATION, DISTRIBUTION, ETC. |
| Place of publication, distribution, etc. |
New York |
| Name of publisher, distributor, etc. |
Arrow Books |
| Date of publication, distribution, etc. |
1992 |
| 300 ## - PHYSICAL DESCRIPTION |
| Extent |
421 p. |
| 650 #0 - SUBJECT ADDED ENTRY--TOPICAL TERM |
| Topical term or geographic name entry element |
ASSASSINATION - FICTION |
| 650 #0 - SUBJECT ADDED ENTRY--TOPICAL TERM |
| Topical term or geographic name entry element |
Louisiana - Fiction |
| 650 #0 - SUBJECT ADDED ENTRY--TOPICAL TERM |
| Topical term or geographic name entry element |
Witnesses - Fiction |
| 650 #0 - SUBJECT ADDED ENTRY--TOPICAL TERM |
| Topical term or geographic name entry element |
Washington (D.C.) - Fiction |
| 650 #0 - SUBJECT ADDED ENTRY--TOPICAL TERM |
| Topical term or geographic name entry element |
Women law students - Fiction |
| 650 #0 - SUBJECT ADDED ENTRY--TOPICAL TERM |
| Topical term or geographic name entry element |
Judges - Crimes against - Fiction |
| 650 #0 - SUBJECT ADDED ENTRY--TOPICAL TERM |
| Topical term or geographic name entry element |
Journalists - Fiction |
| 995 ## - |
| -- |
FICTION Collection |
| -- |
746576 |
| -- |
CBU-SCHOOL OF MEDICINE LIBRARY (Ndola) |
| -- |
PS 3557.R5355P4 |
| -- |
1 |
| -- |
AVAILABLE |
| -- |
Sep 20, 2016 |
| -- |
746576 |
| -- |
Fiction Collection |
| 999 ## - |
| -- |
32344 |
| -- |
32344 |